[Event "Nalchik SKFO-ch"]
[Site "Nalchik"]
[Date "2013.03.19"]
[Round "6"]
[White "Laypanov, Muhtar"]
[Black "Lesovoi, Evgenij"]
[Result "0-1"]
[WhiteElo "2069"]
[BlackElo "2072"]
[PlyCount "40"]
[EventDate "2013.03.13"]
[EventType "swiss"]
[EventRounds "9"]
[EventCountry "RUS"]
[SourceTitle "CBM 153 Extra"]
[Source "ChessBase"]
[SourceDate "2013.04.22"]
[SourceVersion "1"]
[SourceVersionDate "2013.04.22"]
[SourceQuality "1"]

1. c4 Nf6 2. Nf3 c5 3. Nc3 b6 4. g3 Bb7 5. Bg2 e6 6. 0-0 Be7 7. d3 d5 8. Nd2 Nc6 9. e4 dxc4 10. dxc4 h5 11. h3 Ne5 12. f4 Qd4+ 13. Kh1 Nd3 14. Qe2 Ng4 15. Bf3 Rd8 16. Kg2 Ne3+ 17. Kh1 Nxc1 18. Rfxc1 Qxd2 19. b3 Bf6 20. e5 Qxe2 0-1

[Event "Nalchik SKFO-ch"]
[Site "Nalchik"]
[Date "2013.03.17"]
[Round "4"]
[White "Laypanov, Muhtar"]
[Black "Ulanovskaya, Anna"]
[Result "1-0"]
[WhiteElo "2069"]
[BlackElo "1713"]
[PlyCount "63"]
[EventDate "2013.03.13"]
[EventType "swiss"]
[EventRounds "9"]
[EventCountry "RUS"]
[SourceTitle "CBM 153 Extra"]
[Source "ChessBase"]
[SourceDate "2013.04.22"]
[SourceVersion "1"]
[SourceVersionDate "2013.04.22"]
[SourceQuality "1"]

1. e4 c5 2. d4 cxd4 3. c3 dxc3 4. Nxc3 Nc6 5. Nf3 e6 6. Bc4 a6 7. 0-0 b5 8. Bb3 Bb7 9. Qe2 Nge7 10. Bg5 h6 11. Bh4 g5 12. Bg3 Ng6 13. Rad1 Bg7 14. Bd6 g4 15. Nd2 h5 16. Kh1 Nd4 17. Qe3 Qb6 18. e5 Bh6 19. Qg3 Nf5 20. Qd3 Nf4 21. Qb1 Bxg2+ 22. Kg1 Bxf1 23. Kxf1 Nxd6 24. exd6 Qxd6 25. Nde4 Qe5 26. Nd6+ Ke7 27. Qc2 Rag8 28. Nce4 h4 29. Qc7 Kf8 30. Qb8+ Kg7 31. Ne8+ Kh7 32. Qxe5 1-0

[Event "Kislovodsk Narzan op"]
[Site "Kislovodsk"]
[Date "2012.07.03"]
[Round "3"]
[White "Laypanov, Muhtar"]
[Black "Ivanov, Daniil"]
[Result "1/2-1/2"]
[WhiteElo "2148"]
[BlackElo "1849"]
[PlyCount "99"]
[EventDate "2012.07.01"]
[EventType "swiss"]
[EventRounds "9"]
[EventCountry "RUS"]
[SourceTitle "EXT 2013"]
[Source "ChessBase"]
[SourceDate "2012.11.22"]
[SourceVersion "1"]
[SourceVersionDate "2012.11.22"]
[SourceQuality "1"]

1. e4 e6 2. Bb5 c6 3. Ba4 d5 4. e5 Qg5 5. Nf3 Qxg2 6. Rg1 Qh3 7. d4 h6 8. c3 Nd7 9. Nbd2 g5 10. Nf1 g4 11. Rg3 Qh5 12. Ng1 f5 13. h3 Ne7 14. hxg4 fxg4 15. Rxg4 Nb6 16. Bc2 Bd7 17. a4 Nc4 18. b3 Nb6 19. a5 Nbc8 20. Ne3 Qf7 21. Ne2 h5 22. Rh4 c5 23. Ng3 cxd4 24. cxd4 Nc6 25. Rxh5 Rxh5 26. Nxh5 Bb4+ 27. Kf1 Nxa5 28. Qg4 Bb5+ 29. Kg1 Ne7 30. Nf6+ Kd8 31. Bh7 Rc8 32. Nc2 Bc3 33. Rb1 Kc7 34. Ba3 Kb8 35. Bd6+ Ka8 36. Na3 Ba6 37. b4 Nc4 38. b5 Nxa3 39. Bxa3 Bxb5 40. Rxb5 Bd2 41. Bxe7 Qxe7 42. Rb1 a5 43. Qe2 Bb4 44. Qb5 Qg7+ 45. Kf1 Qh6 46. Rxb4 Rc1+ 47. Ke2 axb4 48. Qe8+ Ka7 49. Qa4+ Kb8 50. Qxb4 1/2-1/2